000
00269nam a22001217a 4500
082
_a
823
_b
KUN/W
100
_a
KUNWAR, ANIL K
245
_a
WITTY TENALI RAMA
260
_a
DELHI
_b
MANOJ PUBLICATIONS
_c
2004
300
_a
169
650
_a
ENGLISH STORY
_z
INDIA
942
_c
BK
999
_c
7400
_d
7400